• 首页
  • 本馆介绍
  • 公告通知
  • 最新文献
  • 馆藏检索
  • 电子资源
  • 读者导购
  • 参考咨询
  • 我的图书馆
  • 登录
  • 详细信息显示
  • 放入我的书架
  • 预约/预借图书
  • 作者相关作品
  • 分类相关作品
  • 丛书相关作品
  • 出版社相关作品

书目信息

  • 表格格式
  • 工作单格式
  • 卡片格式
题名:
刺槐
    
 
作者: ;山东省林业研究所 , 山东农学院园林系 编
分册:  
出版信息: 北京   农业出版社  1975
页数: 180页
开本: 19cm
丛书名:
单 册:
中图分类: S792.27
科图分类:
主题词: 刺槐
电子资源:
ISBN: 16144.1708
000 00702nam0 2200241 450
001 0175000217
005 20100712215003.0
010    @a16144.1708@dCNY0.48
091    @a16144.1708
100    @a19950109d1975 em y0chiy0110 ea
101 0  @achi
102    @aCN@b110000
105    @ay z 000yy
106    @ar
200 1  @a刺槐@9Ci Huai @f山东省林业研究所,山东农学院园林系编
210    @a北京@c农业出版社@d1975
215    @a180页@d19cm
606 0  @a刺槐
690    @aS792.27@v3
711 02 @a山东省林业研究所@9shan dong sheng lin ye yan jiu suo@4编
711 02 @a山东农学院园林系@9shan dong nong xue yuan yuan lin xi@4编
801  0 @aCN@bAzMarc@c20130904
905    @aBZT@dS792.27@e2@f2@sS792.27/2
    
    刺槐/山东省林业研究所,山东农学院园林系编.-北京:农业出版社,1975
    180页;19cm
    
    
    ISBN 16144.1708:CNY0.48
    
●
相关链接 在五车中查询图书 在当当中查询图书 在豆瓣中查询图书


正题名:刺槐     索取号:S792.27/2         预约/预借

序号 登录号 条形码 馆藏地/架位号 状态 备注
1 2000079026   2000079026   旧书回溯/ [索取号:S792.27/2] 在馆    
2 2000095063   2000095063   旧书回溯/ [索取号:S792.27/2] 在馆    
山东省滨州职业学院图书馆 欢迎您!
大连网信软件有限公司© 版权所有